[Event "It's a Leisure Knockout II"]
[Site "SchemingMind.com"]
[Date "2010.08.15"]
[Round "-"]
[White "tyler_ensor"]
[Black "desmondw"]
[Result "0-1"]
[WhiteCountry "CAN"]
[BlackCountry "IRL"]
[WhiteElo "1847"]
[WhiteRD "68"]
[BlackElo "1832"]
[BlackRD "92"]
[GameID "257671"]

1. d4 d5 2. c4 e6 3. Nc3 Nf6 4. Bg5 Be7 5. e3 O-O 6. Nf3 Nbd7 7. Rc1 a6 8. c5 b5 9. Bd3 c6 10. Qc2 g6
11. h4 a5 12. Bxf6 Nxf6 13. g4 Nxg4 14. h5 Kg7 15. hxg6 fxg6 16. Rg1 Rxf3 17. Rxg4 Rf6 18. Ke2 Qf8 19. f4 e5 20. Rh4 exf4
21. Rch1 h5 22. Rg1 Bg4+ 23. Rhxg4 f3+ 24. Kf2 hxg4 25. Rxg4 Qf7 26. e4 Rh8
0-1

[Event "It's a Leisure Knockout II"]
[Site "SchemingMind.com"]
[Date "2010.08.16"]
[Round "-"]
[White "desmondw"]
[Black "tyler_ensor"]
[Result "0-1"]
[WhiteCountry "IRL"]
[BlackCountry "CAN"]
[WhiteElo "1848"]
[WhiteRD "88"]
[BlackElo "1880"]
[BlackRD "65"]
[GameID "257686"]

1. e4 c5 2. Nf3 d6 3. d4 cxd4 4. Nxd4 Nf6 5. Nc3 a6 6. Be3 e5 7. Nb3 Be7 8. f3 Be6 9. Qd2 h5 10. O-O-O Nbd7
11. Kb1 Rc8 12. Nd5 Bxd5 13. exd5 Nb6 14. Bxb6 Qxb6 15. h3 Qc7 16. g4 hxg4 17. fxg4 Nxg4 18. Bb5+ axb5 19. hxg4 Kd7 20. Rxh8 Rxh8
21. Qd3 Qc4 22. Qxc4 bxc4 23. Na5 b5 24. b3 cxb3 25. axb3 Rh2 26. Rg1 e4 27. Nc6 e3 28. Nxe7 Kxe7 29. Rg3 e2 30. Re3+ Kf6
31. Kc1 Rh1+ 32. Kd2 e1=R 33. Rxe1 Rxe1 34. Kxe1 Ke5 35. Kd2 Kxd5 36. Kc3 f6 37. Kb4 Kc6 38. c4 bxc4 39. Kxc4 g6
0-1

[Event "It's a Leisure Knockout II"]
[Site "SchemingMind.com"]
[Date "2010.09.03"]
[Round "-"]
[White "reo"]
[Black "BlueMooner"]
[Result "0-1"]
[WhiteCountry "THA"]
[BlackCountry "ENG"]
[WhiteElo "1761"]
[WhiteRD "87"]
[BlackElo "1843"]
[BlackRD "99"]
[GameID "259234"]

1. d4 Nf6 2. c4 c5 3. Nf3 cxd4 4. Nxd4 e5 5. Nb5 d5 6. cxd5 Bc5 7. e3 O-O 8. Be2 e4 9. N5c3 Bf5 10. O-O Qe7
11. Nd2 Rd8 12. Nb3 Bd6 13. Nd4 Qe5 14. g3 Bh3 15. Re1 a6 16. f4 Qe7 17. b3 Nbd7 18. Bf1 Bxf1 19. Rxf1 Bb4 20. Nf5 Qc5
21. Na4 Qxd5 22. Qxd5 Nxd5 23. Rd1 N7f6 24. a3 Bf8 25. Bb2 b5 26. Nc3 g6 27. Nd4 Nxe3 28. Rd2 Bc5 29. Nce2 Nf5 30. Kg2 Nxd4
31. Nxd4 Rd6 32. b4 Bb6 33. Nb3 Rxd2+ 34. Nxd2 Rd8 35. Nb3 Nd5 36. Nc5 f5 37. Nxa6 Nxf4+ 38. Kf1 Nd3 39. Rb1 Ra8 40. Nc5 Nxb2
41. Rxb2 Rxa3
0-1

[Event "It's a Leisure Knockout II"]
[Site "SchemingMind.com"]
[Date "2010.09.02"]
[Round "-"]
[White "BlueMooner"]
[Black "reo"]
[Result "1-0"]
[WhiteCountry "ENG"]
[BlackCountry "THA"]
[WhiteElo "1797"]
[WhiteRD "96"]
[BlackElo "1775"]
[BlackRD "82"]
[GameID "259242"]

1. e4 e5 2. Nf3 Nf6 3. Nxe5 d6 4. Nf3 Nxe4 5. Nc3 Nxc3 6. dxc3 Be7 7. Bf4 O-O 8. Qd2 Nc6 9. O-O-O Be6 10. Kb1 Qe8
11. h4 Na5 12. h5 Qa4 13. b3 Qa3 14. Nd4 Bd7 15. Bd3 Qc5 16. h6 g6 17. Be3 Qd5 18. c4 Qe5 19. Nf3 Nxb3 20. cxb3 Qf6
21. Bg5
1-0

[Event "It's a Leisure Knockout II"]
[Site "SchemingMind.com"]
[Date "2010.09.07"]
[Round "-"]
[White "mmccaffe"]
[Black "Valverde"]
[Result "0-1"]
[WhiteCountry "USA"]
[BlackCountry "ESP"]
[WhiteElo "1704"]
[WhiteRD "55"]
[BlackElo "2193"]
[BlackRD "88"]
[GameID "259615"]

1. e4 c5 2. Nf3 d6 3. d3 Nc6 4. g3 Nf6 5. Bg2 g6 6. O-O Bg7 7. Nc3 O-O 8. Qe2 Bg4 9. Be3 Nd4 10. Qd1 Nd7
11. a3 Ne5
0-1

[Event "It's a Leisure Knockout II"]
[Site "SchemingMind.com"]
[Date "2010.09.07"]
[Round "-"]
[White "Valverde"]
[Black "mmccaffe"]
[Result "1-0"]
[WhiteCountry "ESP"]
[BlackCountry "USA"]
[WhiteElo "2193"]
[WhiteRD "88"]
[BlackElo "1704"]
[BlackRD "55"]
[GameID "259620"]

1. d4 Nf6 2. c4 g6 3. Nc3 Bg7 4. e4 d6 5. f3 O-O 6. Be3 Nbd7 7. Qd2 e5 8. Nge2 Re8 9. d5 a6 10. g4 Nc5
11. h4 h5 12. g5 Nh7 13. Ng3 Bd7 14. b4
1-0

[Event "It's a Leisure Knockout II"]
[Site "SchemingMind.com"]
[Date "2010.09.08"]
[Round "-"]
[White "Clive Everill"]
[Black "Ronald R. Nurmi"]
[Result "0-1"]
[WhiteCountry "CZE"]
[BlackCountry "USA"]
[WhiteElo "1642"]
[WhiteRD "51"]
[BlackElo "1745"]
[BlackRD "78"]
[GameID "259669"]

1. e4 d5 2. exd5 Qxd5 3. Nf3 e6 4. Nc3 Qd8 5. Bc4 Nf6 6. d4 Be7 7. O-O a6 8. a4 b6 9. Ne5 Bb7 10. Bg5 Nbd7
11. f4 c5 12. d5 Nxe5 13. fxe5 Nxd5 14. Bxd5 Bxd5 15. Bxe7 Kxe7 16. Nxd5+ Qxd5 17. Qf3 Rhf8 18. Rad1 Qxf3 19. Rxf3 Rad8 20. Rxd8 Rxd8
21. Rf2 Rd1+ 22. Rf1 Rxf1+ 23. Kxf1 f6 24. exf6+ gxf6 25. Kf2 Kd6 26. Ke3 Kd5 27. g4 Kc4 28. Kd2 Kd4 29. Ke2 Ke4 30. Kf2 Kf4
31. h3 f5 32. gxf5 exf5 33. c3 h5 34. b3 h4 35. b4 cxb4 36. cxb4 Ke4 37. b5 a5 38. Ke2 f4 39. Kf2 f3 40. Kf1 Kd4
41. Kf2 Kc4 42. Kxf3 Kb4 43. Kg4 Kxa4 44. Kxh4 Kxb5 45. Kg4 a4
0-1

[Event "It's a Leisure Knockout II"]
[Site "SchemingMind.com"]
[Date "2010.09.08"]
[Round "-"]
[White "Ronald R. Nurmi"]
[Black "Clive Everill"]
[Result "1-0"]
[WhiteCountry "USA"]
[BlackCountry "CZE"]
[WhiteElo "1754"]
[WhiteRD "80"]
[BlackElo "1649"]
[BlackRD "50"]
[GameID "259676"]

1. d4 d5 2. Bf4 Bg4 3. Nf3 e6 4. Nbd2 Ne7 5. e3 Ng6 6. Bg3 h5 7. h3 Bxf3 8. Nxf3 h4 9. Bh2 Bb4+ 10. c3 Be7
11. Bd3 f5 12. O-O Nc6 13. a4 Bf6 14. b4 O-O 15. Qb3 a6 16. Rac1 Nb8 17. c4 c6 18. b5 Qb6 19. c5 Qc7 20. Bxc7
1-0

[Event "It's a Leisure Knockout II"]
[Site "SchemingMind.com"]
[Date "2010.09.09"]
[Round "-"]
[White "XTC"]
[Black "An old friend"]
[Result "0-1"]
[WhiteCountry "COL"]
[BlackCountry "ENG"]
[WhiteElo "1922"]
[WhiteRD "59"]
[BlackElo "1917"]
[BlackRD "112"]
[GameID "259743"]

1. d4 d5 2. Nf3 c5 3. g3 cxd4 4. Bg2 Qa5+ 5. c3 dxc3 6. Nxc3 Nf6 7. O-O e6 8. Bd2 Qd8 9. Bf4 Bd7 10. Qb3 Bc6
11. Ne5 Nbd7 12. Nxc6 bxc6 13. Rad1 Qb6 14. Qc2 Be7 15. Be3 Qa6 16. a3 O-O 17. Bf4 Rac8 18. Bh3 Nc5 19. Bg2 Qb7 20. b4 Ncd7
21. e4 e5 22. Bg5 d4 23. Na4 a5 24. Bxf6 Nxf6 25. Nc5 Bxc5 26. Qxc5 axb4 27. axb4 Qb5
0-1

[Event "It's a Leisure Knockout II"]
[Site "SchemingMind.com"]
[Date "2010.09.09"]
[Round "-"]
[White "An old friend"]
[Black "XTC"]
[Result "1/2-1/2"]
[WhiteCountry "ENG"]
[BlackCountry "COL"]
[WhiteElo "1917"]
[WhiteRD "111"]
[BlackElo "1938"]
[BlackRD "61"]
[GameID "259746"]

1. f4 d5 2. Nf3 c5 3. g3 g6 4. Bg2 Bg7 5. O-O Nf6 6. d3 O-O 7. Qe1 Nc6 8. c3 Qb6 9. Kh1 Bg4 10. Nbd2 Rfd8
11. e4 dxe4 12. dxe4 Bxf3 13. Rxf3 e5 14. Nc4 Qc7 15. fxe5 Nxe5 16. Nxe5 Qxe5 17. Bf4 Qh5 18. h3 Ng4 19. Kg1 Ne5 20. Re3 g5
21. g4 Qg6 22. Bg3 Qb6 23. Qe2 c4 24. Kh1 Nd3 25. e5 Qxb2 26. Qxb2 Nxb2 27. Bxb7 Rab8 28. Bf3 Rb6 29. Rb1 Rd7 30. Kg2 Nd3
31. Rxb6= axb6 32. Bc6 Nf4+ 33. Bxf4 gxf4 34. Bxd7 fxe3 35. Kf3 Bxe5 36. Kxe3 Bxc3 37. Bb5 Bb2=
1/2-1/2

[Event "It's a Leisure Knockout II"]
[Site "SchemingMind.com"]
[Date "2010.09.11"]
[Round "-"]
[White "e_castle3"]
[Black "Naoki_M"]
[Result "1-0"]
[WhiteCountry "PHI"]
[BlackCountry "JPN"]
[WhiteElo "1666"]
[WhiteRD "82"]
[BlackElo "1601"]
[BlackRD "67"]
[GameID "259847"]

1. f4 d5 2. Nf3 Nf6 3. e3 g6 4. Be2 Bg7 5. O-O O-O 6. d4 Bf5 7. Nbd2 Be4 8. Ne5 Nc6 9. Ndf3 Nd7 10. a3 f6
11. Nxc6 bxc6 12. c4 e6 13. Bd3 Bxd3 14. Qxd3 Rb8 15. b4 Nb6 16. Nd2 f5 17. c5 Nc4 18. Nxc4 dxc4 19. Qxc4 Qd5 20. Qa2 Qxa2
21. Rxa2 Rfd8 22. Bd2 a6 23. Be1 Bf6 24. Rf3 h5 25. Rh3 Kg7 26. Bh4 Bxh4 27. Rxh4 Kf7 28. Kf2 Rh8 29. h3 Kf6 30. Kf3 Rbg8
31. e4 fxe4+ 32. Kxe4 Rd8 33. Rf2 Rd5 34. g4 Rhd8 35. Rd2 g5 36. Rxh5 gxf4 37. Rxd5 cxd5+ 38. Kxf4 Rh8 39. Rd3 Rh4 40. Re3 c6
41. Kg3 Rh7 42. h4 Ke7 43. g5 Kf7 44. Kg4 Ke7 45. h5
1-0

[Event "It's a Leisure Knockout II"]
[Site "SchemingMind.com"]
[Date "2010.09.11"]
[Round "-"]
[White "Naoki_M"]
[Black "e_castle3"]
[Result "1-0"]
[WhiteCountry "JPN"]
[BlackCountry "PHI"]
[WhiteElo "1735"]
[WhiteRD "77"]
[BlackElo "1724"]
[BlackRD "76"]
[GameID "259853"]

1. e4 c6 2. d4 d5 3. Nc3 dxe4 4. Nxe4 Bf5 5. Ng3 Bg6 6. h4 h6 7. Nf3 Nd7 8. Bd3 Bxd3 9. Qxd3 e6 10. Bf4 Ngf6
11. Ne5 Be7 12. O-O-O O-O 13. Rde1 Nd5 14. Bd2 Qc7 15. a3 Rad8 16. Rh3 Nxe5 17. Rxe5 Bf6 18. Re4 c5 19. Nh5 Be7 20. Rg4 Bf6
21. Bxh6 Bxd4 22. Rxd4 cxd4 23. Rg3 Qxg3 24. Qxg3 g6 25. Bxf8 Kxf8 26. Nf4
1-0

[Event "It's a Leisure Knockout II"]
[Site "SchemingMind.com"]
[Date "2010.09.24"]
[Round "-"]
[White "Transcendent"]
[Black "jl1234"]
[Result "1-0"]
[WhiteCountry "ENG"]
[BlackCountry "POL"]
[WhiteElo "1816"]
[WhiteRD "55"]
[BlackElo "1854"]
[BlackRD "79"]
[GameID "260809"]

1. d4 d5 2. c4 Nc6 3. Nc3 dxc4 4. Nf3 e6 5. e4 Be7 6. Bxc4 Nf6 7. O-O O-O 8. Re1 h6 9. h3 a6 10. Be3 b5
11. Bb3 Na5 12. e5 Nd5 13. Nxd5 exd5 14. Bc2 Nc4 15. Qc1 Nxe3 16. Qxe3 Be6 17. Qd3 g6 18. Nh2 c5 19. dxc5 Bxc5 20. Nf3 d4
21. Rad1 Qb6 22. Nh4 Bc4 23. Qg3 g5 24. Nf3 d3 25. Bxd3 Bxd3 26. Rxd3 Rfd8 27. Rxd8+ Rxd8 28. h4 Qg6 29. hxg5 Rd3 30. Qg4 hxg5
31. Rc1 Be7 32. Rc8+ Kg7 33. Re8 Qh6 34. Nd4
1-0

[Event "It's a Leisure Knockout II"]
[Site "SchemingMind.com"]
[Date "2010.09.24"]
[Round "-"]
[White "jl1234"]
[Black "Transcendent"]
[Result "1-0"]
[WhiteCountry "POL"]
[BlackCountry "ENG"]
[WhiteElo "1846"]
[WhiteRD "79"]
[BlackElo "1789"]
[BlackRD "51"]
[GameID "260814"]

1. e4 c5 2. Nc3 d6 3. Bc4 Nc6 4. a3 g6 5. Nf3 Bg7 6. Nd5 Nf6 7. d3 O-O 8. O-O e6 9. Nc3 a6 10. Bg5 b5
11. Ba2 h6 12. Bd2 Bb7 13. Qc1 Kh7 14. h3 Nd7 15. Nh2 Ne7 16. Ng4 Ng8 17. Nd1 Ndf6 18. Nde3 h5 19. Nh2 Rc8 20. f4 Nxe4
21. dxe4 Bxe4 22. Nf3 Bxf3 23. Rxf3 d5 24. c3 d4 25. Nd1 d3 26. c4 Nf6 27. Nf2 Re8 28. Rxd3 Qc7 29. Bc3 Rcd8 30. Rxd8 Rxd8
31. Be5 Qc6 32. Qe3
1-0

[Event "It's a Leisure Knockout II"]
[Site "SchemingMind.com"]
[Date "2010.12.10"]
[Round "-"]
[White "David Hartley"]
[Black "Ronald R. Nurmi"]
[Result "1-0"]
[WhiteCountry "ENG"]
[BlackCountry "USA"]
[WhiteElo "1875"]
[WhiteRD "62"]
[BlackElo "1872"]
[BlackRD "80"]
[GameID "269306"]

1. e4 d5 2. exd5 Qxd5 3. Nc3 Qd6 4. d4 Nf6 5. Nf3 a6 6. Bd3 Bg4 7. Ne4 Nxe4 8. Bxe4 Nd7 9. O-O c6 10. Bd3 Bxf3
11. Qxf3 Qxd4 12. c3 Qf6 13. Qd1 e6 14. Be3 Be7 15. Qc2 g6 16. Qd2 Bc5 17. Rad1 O-O 18. Bc2 Bxe3 19. Qxe3 Rfe8 20. Rxd7
1-0

[Event "It's a Leisure Knockout II"]
[Site "SchemingMind.com"]
[Date "2010.12.09"]
[Round "-"]
[White "Ronald R. Nurmi"]
[Black "David Hartley"]
[Result "1/2-1/2"]
[WhiteCountry "USA"]
[BlackCountry "ENG"]
[WhiteElo "1859"]
[WhiteRD "75"]
[BlackElo "1867"]
[BlackRD "66"]
[GameID "269311"]

1. d4 d5 2. Bf4 Nf6 3. e3 e6 4. Nd2 Bd6 5. Bg3 O-O 6. Bd3 Nbd7 7. Ngf3 Re8 8. Ne5 Be7 9. h4 Nxe5 10. Bxe5 Nd7
11. Bg3 Bf6 12. Nf3 e5 13. dxe5 Nxe5 14. Nxe5 Bxe5 15. Bxe5 Rxe5 16. Qd2 c6 17. O-O-O Re7 18. f3 Be6 19. g4 f6 20. g5 fxg5
21. hxg5 g6 22. Rh4 Rg7 23. f4 Rc8 24. Rdh1 Rcc7 25. c3 Qe8 26. Rf1 Rcf7 27. Rh2 Bf5 28. Bxf5 Rxf5 29. Re2 Re7 30. Rfe1 Rff7
31. Qd4 a6 32. Kc2 Re4 33. Qd2 Rfe7 34. b3 Rd7 35. Kb2 Kf8=
1/2-1/2

[Event "It's a Leisure Knockout II"]
[Site "SchemingMind.com"]
[Date "2011.01.21"]
[Round "-"]
[White "Transcendent"]
[Black "BlueMooner"]
[Result "0-1"]
[WhiteCountry "ENG"]
[BlackCountry "ENG"]
[WhiteElo "1936"]
[WhiteRD "60"]
[BlackElo "1867"]
[BlackRD "86"]
[GameID "273685"]

1. d4 Nf6 2. c4 c5 3. d5 b5 4. cxb5 a6 5. bxa6 g6 6. g3 Bxa6 7. Nc3 d6 8. Bg2 Bg7 9. Nf3 Nbd7 10. O-O O-O
11. Rb1 Qa5 12. Bd2 Rfb8 13. b3 Ng4 14. Qc2 Nge5 15. Nxe5 Nxe5 16. Ne4 Qb5 17. Rfe1 c4 18. b4 Bc8 19. Nc3 Qb6 20. Be3 Bf5
21. Be4 Qc7 22. Bxf5 gxf5 23. h3 Ra3 24. Nd1 Rba8 25. Qxf5 Rxa2 26. Nc3 R2a6 27. Rec1 Nd7
0-1

[Event "It's a Leisure Knockout II"]
[Site "SchemingMind.com"]
[Date "2011.01.21"]
[Round "-"]
[White "BlueMooner"]
[Black "Transcendent"]
[Result "1/2-1/2"]
[WhiteCountry "ENG"]
[BlackCountry "ENG"]
[WhiteElo "1851"]
[WhiteRD "82"]
[BlackElo "1857"]
[BlackRD "57"]
[GameID "273691"]

1. e4 c5 2. Nf3 d6 3. Bb5+ Bd7 4. Bxd7+ Qxd7 5. c4 g6 6. Nc3 Bg7 7. d4 cxd4 8. Nxd4 Nc6 9. Be3 Nf6 10. f3 O-O
11. O-O=
1/2-1/2

[Event "It's a Leisure Knockout II"]
[Site "SchemingMind.com"]
[Date "2011.03.02"]
[Round "-"]
[White "An old friend"]
[Black "desmondw"]
[Result "1-0"]
[WhiteCountry "ENG"]
[BlackCountry "IRL"]
[WhiteElo "2039"]
[WhiteRD "113"]
[BlackElo "1722"]
[BlackRD "88"]
[GameID "276905"]

1. e4 e5 2. Nf3 Nc6 3. Bb5 a6 4. Ba4 Nf6 5. O-O Be7 6. Re1 b5 7. Bb3 O-O 8. c3 d6 9. h3 Bb7 10. d4 Re8
11. Nbd2 Bf8 12. a4 h6 13. Bc2 exd4 14. cxd4 Nb4 15. Bb1 c5 16. d5 Nd7 17. Ra3 c4 18. axb5 axb5 19. Nd4 Rxa3 20. bxa3 Nd3
21. Bxd3 cxd3 22. Re3 Nc5 23. Bb2 Qd7 24. Qg4 Qxg4 25. hxg4 Bc8 26. f3 Bd7 27. Kf2 Be7 28. N4b3 Bg5 29. Re1 Nxb3 30. Nxb3 b4
31. Rd1 Bb5 32. axb4 Bc4 33. Nc1 d2 34. Ne2 Bb3 35. Nc3 Bxd1 36. Nxd1 Rc8 37. Bc3 Ra8 38. Ke2 Ra2 39. g3 Bd8 40. Bxd2
1-0

[Event "It's a Leisure Knockout II"]
[Site "SchemingMind.com"]
[Date "2011.03.02"]
[Round "-"]
[White "desmondw"]
[Black "An old friend"]
[Result "0-1"]
[WhiteCountry "IRL"]
[BlackCountry "ENG"]
[WhiteElo "1804"]
[WhiteRD "88"]
[BlackElo "1970"]
[BlackRD "117"]
[GameID "276909"]

1. e4 c5 2. Nf3 d6 3. d4 cxd4 4. Nxd4 Nf6 5. Nc3 g6 6. Be3 Bg7 7. f3 O-O 8. Qd2 Nc6 9. Bc4 Bd7 10. O-O-O Rb8
11. h4 b5 12. Bb3 Na5 13. Nd5 Nxd5 14. exd5 Nc4 15. Qe2 Nxe3 16. Qxe3 a5 17. a3 a4 18. Ba2 b4 19. h5 Qb6 20. Rh4 bxa3
21. Qxa3 g5 22. Re4 Bf5 23. Nc6 Bxb2+
0-1

[Event "It's a Leisure Knockout II"]
[Site "SchemingMind.com"]
[Date "2011.03.19"]
[Round "-"]
[White "Naoki_M"]
[Black "Valverde"]
[Result "0-1"]
[WhiteCountry "JPN"]
[BlackCountry "ESP"]
[WhiteElo "1634"]
[WhiteRD "79"]
[BlackElo "2316"]
[BlackRD "95"]
[GameID "278615"]

1. d4 Nf6 2. c4 g6 3. Nc3 Bg7 4. e4 O-O 5. e5 Ne8 6. Bf4 d6 7. Nf3 Bg4 8. Be2 Nc6 9. O-O Bxf3 10. Bxf3 dxe5
11. Bxe5 Nxd4 12. Bxd4 Qxd4 13. Qxd4 Bxd4 14. Rad1 Bxc3 15. bxc3 Nf6 16. c5 Rab8 17. Rfe1 e6 18. c4 Rfd8 19. Rxd8+ Rxd8 20. Bxb7 Rd2
21. a4 Rc2 22. Ba6 Ne4 23. f3 Nxc5 24. Bc8 a5 25. g4 Rxc4 26. Ra1 Kf8 27. Kf1 Ke7
0-1

[Event "It's a Leisure Knockout II"]
[Site "SchemingMind.com"]
[Date "2011.03.18"]
[Round "-"]
[White "Valverde"]
[Black "Naoki_M"]
[Result "1-0"]
[WhiteCountry "ESP"]
[BlackCountry "JPN"]
[WhiteElo "2287"]
[WhiteRD "101"]
[BlackElo "1664"]
[BlackRD "77"]
[GameID "278617"]

1. e4 c5 2. Nf3 Nc6 3. d4 cxd4 4. Nxd4 g6 5. c4 Bg7 6. Be3 e5 7. Nb5 Nge7 8. Nd6+ Kf8 9. c5 Nd4 10. Bxd4 exd4
11. Qb3 Nd5 12. Qxd5 Qe7 13. Bc4 Qe6 14. Nd2 Qxd5 15. Bxd5 Ke7 16. N2c4 d3 17. O-O-O Rf8 18. Rxd3 f5 19. exf5 gxf5 20. Re1+ Kf6
21. Ne8+ Kg6 22. Rg3+ Kh6 23. Nxg7 a5 24. Nd6 Ra6 25. Ngxf5+ Rxf5 26. Nxf5+
1-0

[Event "It's a Leisure Knockout II"]
[Site "SchemingMind.com"]
[Date "2011.08.09"]
[Round "-"]
[White "David Hartley"]
[Black "Valverde"]
[Result "0-1"]
[WhiteCountry "ENG"]
[BlackCountry "ESP"]
[WhiteElo "1736"]
[WhiteRD "78"]
[BlackElo "2264"]
[BlackRD "104"]
[GameID "290546"]

1. e4 c5 2. Nf3 d6 3. d4 cxd4 4. Nxd4 Nf6 5. Nc3 a6 6. f3 e6 7. Be3 b5 8. Qd2 Nbd7 9. g4 Nb6 10. O-O-O Nfd7
11. Kb1 b4 12. Nce2 Nc4 13. Qc1 Nxe3 14. Qxe3 Bb7 15. c3 bxc3 16. Nxc3 Be7 17. Bd3 O-O 18. Qf2 Qb6 19. Rhf1 Rab8 20. Rd2 Rfc8
21. Nde2 Nc5 22. Rc1 Bf6 23. Rcc2 a5 24. Qg1 h6 25. Rd1 a4 26. a3 d5 27. Rdd2 d4 28. Nxd4 Nb3
0-1

[Event "It's a Leisure Knockout II"]
[Site "SchemingMind.com"]
[Date "2011.08.09"]
[Round "-"]
[White "Valverde"]
[Black "David Hartley"]
[Result "1-0"]
[WhiteCountry "ESP"]
[BlackCountry "ENG"]
[WhiteElo "2275"]
[WhiteRD "94"]
[BlackElo "1850"]
[BlackRD "72"]
[GameID "290552"]

1. e4 e5 2. f4 exf4 3. Nf3 d6 4. Bc4 Bg4 5. d4 g5 6. h4 f6 7. c3 Bh6 8. Qb3 Ne7 9. hxg5 Bxg5 10. O-O Qd7
11. Qxb7
1-0

[Event "It's a Leisure Knockout II"]
[Site "SchemingMind.com"]
[Date "2011.08.29"]
[Round "-"]
[White "An old friend"]
[Black "BlueMooner"]
[Result "1-0"]
[WhiteCountry "ENG"]
[BlackCountry "ENG"]
[WhiteElo "2023"]
[WhiteRD "109"]
[BlackElo "1922"]
[BlackRD "86"]
[GameID "291621"]

1. e4 e6 2. d4 d5 3. Nc3 Bb4 4. e5 c5 5. a3 Bxc3+ 6. bxc3 Qa5 7. Bd2 Qa4 8. Qb1 c4 9. h4 Nc6 10. h5 h6
11. g3 Nge7 12. Bh3 Bd7 13. Ne2 O-O-O 14. Nf4 Rdg8 15. O-O Nd8 16. Kh2 g5 17. hxg6 fxg6 18. Qb4 Qxb4 19. cxb4 h5 20. Ne2 g5
21. Rh1 g4 22. Bg2 Ba4 23. c3 Nf7 24. Nf4 Ng5 25. Kg1 Be8 26. Kf1 Kd7 27. Ke2 Bg6 28. Rh2 Rh7 29. Rah1 Nf3 30. Nxg6 Nxh2
31. Nxe7 Kxe7 32. Rxh2 Rgg7= 33. Bf4 Rg8= 34. f3
1-0

[Event "It's a Leisure Knockout II"]
[Site "SchemingMind.com"]
[Date "2011.08.26"]
[Round "-"]
[White "BlueMooner"]
[Black "An old friend"]
[Result "1/2-1/2"]
[WhiteCountry "ENG"]
[BlackCountry "ENG"]
[WhiteElo "1960"]
[WhiteRD "85"]
[BlackElo "1957"]
[BlackRD "112"]
[GameID "291626"]

1. e4 c5 2. c3 e6 3. d4 d5 4. exd5 exd5 5. Nf3 Bd6 6. dxc5 Bxc5 7. Bb5+ Nc6 8. O-O Ne7 9. Nbd2 O-O 10. Nb3 Bb6
11. Re1 Bg4 12. Be2 Qd6 13. Nbd4 Rfe8 14. h3 Bd7 15. Bg5 Qg6 16. Nxc6 Nxc6 17. Qxd5 Bxh3 18. Nh4 Be6 19. Nxg6 Bxd5 20. Nf4 Be4
21. Bd3 Bxd3 22. Nxd3=
1/2-1/2